MCU Movies and TV Shows by Rotten Tomatoes Critics Consensus - Statistics

General Stats
  • This quiz has been taken 28 times
  • The average score is 25 of 36
Answer Stats
Critics Consensus Project % Correct
Powered by Robert Downey Jr.'s vibrant charm, _______ turbo-charges the superhero genre with a deft intelligence and infectious sense of fun. Iron Man
100%
It isn't quite the breath of fresh air that Iron Man was, but this sequel comes close with solid performances and an action-packed plot. Iron Man 2
100%
_________________ may not be quite the smashing success that fans of Marvel's raging behemoth might hope for, but it offers more than enough big green action to make up for its occasionally puny narrative. The Incredible Hulk
100%
A dazzling blockbuster that tempers its sweeping scope with wit, humor, and human drama, ____ is mighty Marvel entertainment. Thor
84%
Led by a charming performance from Paul Rudd, _______ offers Marvel thrills on an appropriately smaller scale -- albeit not as smoothly as its most successful predecessors. Ant-Man
79%
With plenty of pulpy action, a pleasantly retro vibe, and a handful of fine performances, _______________________________ is solidly old-fashioned blockbuster entertainment. Captain America: The First Avenger
79%
Thanks to a script that emphasizes its heroes' humanity and a wealth of superpowered set pieces, ____________ lives up to its hype and raises the bar for Marvel at the movies. The Avengers
79%
Exuberant and eye-popping, ______________________ serves as an overstuffed but mostly satisfying sequel, reuniting its predecessor's unwieldy cast with a few new additions and a worthy foe. Avengers: Age of Ultron
74%
Suspenseful and politically astute, _________________________________ is a superior entry in the Avengers canon and is sure to thrill Marvel diehards. Captain America: The Winter Soldier
74%
_______________________ is just as irreverent as fans of the frequently zany Marvel comic would expect -- as well as funny, thrilling, full of heart, and packed with visual splendor. Guardians of the Galaxy
74%
With the help of its charismatic lead, some impressive action sequences, and even a few surprises, __________ is a witty, entertaining adventure and a strong addition to the Marvel canon. Iron Man 3
74%
It may not be the finest film to come from the Marvel Universe, but ___________________ still offers plenty of the humor and high-stakes action that fans have come to expect. Thor: The Dark World
74%
Exciting, entertaining, and emotionally impactful, _________________ does whatever it takes to deliver a satisfying finale to Marvel's epic Infinity Saga Avengers: Endgame
68%
A delightful diversion from the MCU as we know it, ____ successfully sees star Tom Hiddleston leap from beloved villain to endearing antihero -- with a little help from Owen Wilson -- in a series that's as off-kilter, charming, and vaguely dangerous as the demigod himself. Loki
68%
_________ is a genuinely fresh addition to the MCU -- both stylistically and substantively -- with Iman Vellani ably powering proceedings with her super-sized charisma. Ms. Marvel
68%
______________________ does whatever a second reboot can, delivering a colorful, fun adventure that fits snugly in the sprawling MCU without getting bogged down in franchise-building. Spider-Man: Homecoming
68%
A bigger, bolder Spider-Man sequel, _______________________ expands the franchise's scope and stakes without losing sight of its humor and heart. Spider-Man: No Way Home
68%
Packed with blockbuster action and deft character beats, ____________________________ proves itself worthy of Captain America's legacy with its globetrotting intrigue, mature social commentary, and the sparky rapport between stars Anthony Mackie and Sebastian Stan. The Falcon and the Winter Soldier
68%
In some ways, ______________________ feels like Ragnarok redux -- but overall, it offers enough fast-paced fun to make this a worthy addition to the MCU. Thor: Love and Thunder
68%
A lighter, brighter superhero movie powered by the effortless charisma of Paul Rudd and Evangeline Lilly, ____________________ offers a much-needed MCU palate cleanser. Ant-Man and the Wasp
63%
______________________ ably juggles a dizzying array of MCU heroes in the fight against their gravest threat yet, and the result is a thrilling, emotionally resonant blockbuster that (mostly) realizes its gargantuan ambitions. Avengers: Infinity War
63%
_____________ elevates superhero cinema to thrilling new heights while telling one of the MCU's most absorbing stories -- and introducing some of its most fully realized characters. Black Panther
63%
__________________ begins the next wave of Marvel movies with an action-packed superhero blockbuster boasting a decidedly non-cartoonish plot and the courage to explore thought-provoking themes. Captain America: Civil War
63%
Packed with action, humor, and visual thrills, ______________ introduces the MCU's latest hero with an origin story that makes effective use of the franchise's signature formula. Captain Marvel
63%
______________ artfully balances its outré source material against the blockbuster constraints of the MCU, delivering a thoroughly entertaining superhero origin story in the bargain. Doctor Strange
63%
_________________________________________ labors under the weight of the sprawling MCU, but Sam Raimi's distinctive direction casts an entertaining spell Doctor Strange in the Multiverse of Madness
63%
_____________________________'s action-packed plot, dazzling visuals, and irreverent humor add up to a sequel that's almost as fun -- if not quite as thrillingly fresh -- as its predecessor. Guardians of the Galaxy Vol. 2
63%
A breezily unpredictable blend of teen romance and superhero action, ________________________ stylishly sets the stage for the next era of the MCU. Spider-Man: Far From Home
63%
Exciting, funny, and above all fun, ______________ is a colorful cosmic adventure that sets a new standard for its franchise -- and the rest of the Marvel Cinematic Universe. Thor: Ragnarok
63%
Part loving homage to TV history, part off-kilter mystery, ___________ is a wonderfully weird and strikingly bold step into the small screen for the MCU - and a perfect showcase for Elizabeth Olsen and Paul Bettany. WandaVision
63%
___________'s deeper themes are drowned out in all the action, but it remains a solidly entertaining standalone adventure that's rounded out by a stellar supporting cast. Black Widow
58%
_______ starts slowly, but the street-level action is a refreshing change of pace for the MCU -- and the chemistry between its leads sparkles even when the plot lags. Hawkeye
58%
Its entertainment value may wax and wane a bit, but ___________ ultimately settles into a mostly enjoyable -- and refreshingly weird -- spot in the MCU firmament. Moon Knight
58%
___________ may not add much to the larger MCU narrative, but surprising takes on beloved characters and some of the best action sequences in the entire franchise make for engaging viewing. What If...?
58%
An ambitious superhero epic that soars as often as it strains, ________ takes the MCU in intriguing -- and occasionally confounding -- new directions Eternals
53%
_________________________________________ isn't entirely free of Marvel's familiar formula, but this exciting origin story expands the MCU in more ways than one. Shang-Chi and the Legend of the Ten Rings
47%
No matching quizzes found
Score Distribution
Percent of People with Each Score
Percentile by Number Answered
Your Score History
You have not taken this quiz